01098nam a2200193 i 450000100060000000300090000600500170001500700030003200800410003510000210007624501510009726000370024830000290028550504740031460000370078865100370082585200210086285200210088396774ES-MaACL20250818043013.0t|050630s1915 mx ||||1| spa d1 aManero, Antonio.10aQué es la revolución b: breve exposición sobre las principales causas de la Revolución Constitucionalista en México / cAntonio Manero. aVeracruz : bLa Heroica, c1915. a120, LXXVI p. ; c22 cm.8 aContiene: El proceso de la revolución--La propiedad.--La administración de justicia.--El bancarismo.--La legislación--La educación pública.--Apendice: Preliminares. Plan de Guadalupe. Decreto de 12 de diciembre de 1914 [signed] Venustiano Carranza. Manifiesto a la nacion, junio 11 de 1915 [signed] Venustiano Carranza. Los indiscutibles derechos de d. Venustiano Carranza. Comentarios al Manifiesto de don Venustiano Carranza. La revolución es la justicia.14aCarranza, Venustiano,d1859-1920 4aMéxico-xHistoria-z1910-1946. aES-MaACLjG-2641 aES-MaACLjF-1506